000
00333pab a2200133 454500
008
180718b xxu||||| |||| 00| 0 eng d
100
_a
Tiwari A.C.
245
_a
Accountability in public finances
362
_a
17 Jul 93, p.4
650
_a
Accountability
650
_a
Finance -- India
773
_a
FInancial Express
909
_a
24867
999
_c
24867
_d
24867